Introduction to continuum mechanics / (Record no. 566533)

000 -LEADER
fixed length control field 00958cam a2200289 a 4500
001 - CONTROL NUMBER
control field 15604001
003 - CONTROL NUMBER IDENTIFIER
control field CEME
005 - DATE AND TIME OF LATEST TRANSACTION
control field 20210628201600.0
008 - FIXED-LENGTH DATA ELEMENTS--GENERAL INFORMATION
fixed length control field 090129s2010 ne a b 001 0 eng
010 ## - LIBRARY OF CONGRESS CONTROL NUMBER
LC control number 2009003607
020 ## - INTERNATIONAL STANDARD BOOK NUMBER
International Standard Book Number 9780750685603 (hardcover)
020 ## - INTERNATIONAL STANDARD BOOK NUMBER
International Standard Book Number 0750685603 (hardcover)
035 ## - SYSTEM CONTROL NUMBER
System control number (OCoLC)ocn300722280
040 ## - CATALOGING SOURCE
Original cataloging agency DLC
Transcribing agency DLC
Modifying agency C#P
-- BWX
-- DLC
050 00 - LIBRARY OF CONGRESS CALL NUMBER
Classification number QA808.2
Item number .L3 2010
082 00 - DEWEY DECIMAL CLASSIFICATION NUMBER
Classification number 531
Edition number 22
100 1# - MAIN ENTRY--PERSONAL NAME
Personal name Lai, W. Michael,RUBIN, DAVID, KREMPL, ERHARD
Dates associated with a name 1930-
9 (RLIN) 55936
245 10 - TITLE STATEMENT
Title Introduction to continuum mechanics /
Statement of responsibility, etc. W. Michael Lai, David Rubin, Erhard Krempl.
250 ## - EDITION STATEMENT
Edition statement 4th ed.
260 ## - PUBLICATION, DISTRIBUTION, ETC.
Place of publication, distribution, etc. Amsterdam ;
-- Boston :
Name of publisher, distributor, etc. Butterworth-Heinemann/Elsevier,
Date of publication, distribution, etc. c2010.
300 ## - PHYSICAL DESCRIPTION
Extent xiv, 520 p. :
Other physical details ill. ;
Dimensions 25 cm.
504 ## - BIBLIOGRAPHY, ETC. NOTE
Bibliography, etc. note Includes bibliographical references and index.
650 #0 - SUBJECT ADDED ENTRY--TOPICAL TERM
Topical term or geographic name entry element Continuum mechanics.
9 (RLIN) 20066
700 1# - ADDED ENTRY--PERSONAL NAME
Personal name Rubin, David,
Dates associated with a name 1942-
9 (RLIN) 55937
700 1# - ADDED ENTRY--PERSONAL NAME
Personal name Krempl, Erhard.
9 (RLIN) 55938
942 ## - ADDED ENTRY ELEMENTS (KOHA)
Source of classification or shelving scheme
Koha item type Book
Holdings
Withdrawn status Lost status Source of classification or shelving scheme Damaged status Not for loan Permanent Location Current Location Shelving location Date acquired Total Checkouts Full call number Barcode Date last seen Price effective from Koha item type
          College of Electrical & Mechanical Engineering (CEME) College of Electrical & Mechanical Engineering (CEME) General Stacks 03/17/2017   531 LAI CEME-46955 06/28/2021 06/28/2021 Book
          College of Electrical & Mechanical Engineering (CEME) College of Electrical & Mechanical Engineering (CEME) General Stacks 03/17/2017   531 LAI CEME-46956 06/28/2021 06/28/2021 Book
          College of Electrical & Mechanical Engineering (CEME) College of Electrical & Mechanical Engineering (CEME) General Stacks 03/17/2017   531 LAI CEME-46957 06/28/2021 06/28/2021 Book
© 2023 Central Library, National University of Sciences and Technology. All Rights Reserved.